Cargando...
Pearl Diver /
| Autor principal: | |
|---|---|
| Lenguaje: | Undetermined |
| Publicado: |
Trivandrum :
B I Publications ,
1998.
|
| LEADER | 00429nam a2200133Ia 4500 | ||
|---|---|---|---|
| 001 | 44131 | ||
| 008 | 170722s9999 xx 000 0 und d | ||
| 100 | |a Mohankumar, M. | ||
| 245 | |a Pearl Diver / | ||
| 260 | |a Trivandrum : |b B I Publications , |c 1998. | ||
| 300 | |c PP5.20cms | ||
| 942 | |c GEN | ||
| 999 | |c 118170 |d 118170 | ||
| 952 | |0 0 |1 0 |4 0 |6 O_21NM0X_N8 |7 0 |8 LC1 |9 167042 |a LIB |b LIB |d 2017-08-12 |h LC1 |o O-2,1NM0x N8 |p 232054 |r 2017-08-12 |v 50.00 |w 2017-08-12 |y GEN | ||